[Event "Canadian op"]
[Site "Calgary"]
[Date "2023.07.29"]
[Round "9"]
[White "Heran Boily, Samuel"]
[Black "Nguyen, Kim"]
[Result "1/2-1/2"]
[WhiteElo "1841"]
[BlackElo "2015"]
[PlyCount "120"]
[EventDate "2023.07.22"]
[EventType "swiss"]
[EventRounds "10"]
[EventCountry "CAN"]
[SourceTitle "EXT 2024"]
[Source "ChessBase"]
[SourceDate "2023.10.10"]
[SourceVersion "1"]
[SourceVersionDate "2023.10.10"]
[SourceQuality "1"]

1. e4 c5 2. Nf3 d6 3. Bc4 Nf6 4. d3 e6 5. 0-0 Nc6 6. Re1 a6 7. Bb3 Na5 8. Nbd2 Be7 9. Nf1 0-0 10. Ng3 b5 11. c3 Nxb3 12. Qxb3 Bb7 13. a4 Bc6 14. axb5 axb5 15. Bf4 Ra4 16. Rxa4 bxa4 17. Qc2 Qa8 18. c4 Rd8 19. Nd2 Nd7 20. Nb1 Qb7 21. Nc3 Rb8 22. Nxa4 Qb3 23. Qxb3 Rxb3 24. Nc3 Rxb2 25. Nge2 g5 26. Bg3 h5 27. h3 Nb6 28. Rb1 Rxb1+ 29. Nxb1 Na4 30. Kf1 h4 31. Bh2 Nb2 32. Nc1 Ba4 33. Ke2 f5 34. Nc3 Bc6 35. f3 Kf7 36. Nb3 Ke8 37. Kd2 Na4 38. Na5 Nxc3 39. Nxc6 Na2 40. Nxe7 Kxe7 41. exf5 exf5 42. g3 hxg3 43. Bxg3 f4 44. Bf2 Nb4 45. Kc3 Nc6 46. d4 cxd4+ 47. Bxd4 Ke6 48. Kd3 Kf5 49. Bg7 Nd8 50. Bf8 Nf7 51. Ke2 Ke6 52. c5 dxc5 53. Bxc5 Kf5 54. Be7 Ne5 55. Bd8 Nc4 56. h4 g4 57. fxg4+ Kxg4 58. h5 Ne5 59. h6 Nf7 60. h7 Kf5 1/2-1/2

[Event "Canadian op"]
[Site "Calgary"]
[Date "2023.07.27"]
[Round "7"]
[White "Atanasov, Anthony"]
[Black "Nguyen, Kim"]
[Result "1-0"]
[WhiteElo "2367"]
[BlackElo "2015"]
[PlyCount "191"]
[EventDate "2023.07.22"]
[EventType "swiss"]
[EventRounds "10"]
[EventCountry "CAN"]
[SourceTitle "CBM 215 Extra"]
[Source "ChessBase"]
[SourceDate "2023.09.30"]
[SourceVersion "1"]
[SourceVersionDate "2023.09.30"]
[SourceQuality "1"]

1. d4 Nf6 2. c4 e6 3. Nf3 d5 4. cxd5 exd5 5. Qc2 c6 6. Nc3 Bb4 7. a3 Bd6 8. Bg5 Nbd7 9. e3 a5 10. Bd3 h6 11. Bh4 Qc7 12. Rc1 Qb8 13. 0-0 0-0 14. Rb1 Ra7 15. b4 axb4 16. axb4 Qa8 17. b5 Re8 18. Rfe1 Ra3 19. Bg3 Bxg3 20. hxg3 c5 21. dxc5 Nxc5 22. Be2 b6 23. Red1 Bb7 24. Qb2 Qa5 25. Ra1 Ra8 26. Rxa3 Qxa3 27. Qc2 Rc8 28. Nb1 Qb4 29. Qc3 Qxc3 30. Nxc3 Ra8 31. Nd4 Ra3 32. Nb1 Ra2 33. f3 g6 34. Kf2 h5 35. Rd2 Ra1 36. Rb2 Kf8 37. Nc2 Ra4 38. Nc3 Ra8 39. Ra2 Rc8 40. Ra7 Ra8 41. Rxa8+ Bxa8 42. Nd4 Ke7 43. Bd1 Kd6 44. Ke2 Bb7 45. Kd2 Nfd7 46. Na4 Kc7 47. Nb2 Ne5 48. Kc3 Kd6 49. Be2 Ned7 50. Kb4 Ne5 51. Kc3 Ned7 52. Bd1 Ne5 53. Bc2 Ned7 54. Ne2 Ne5 55. Kb4 Bc8 56. Nd4 Bb7 57. Bb1 Ned7 58. Ba2 Ne5 59. Kc3 Bc8 60. Nd1 Na4+ 61. Kc2 Bd7 62. Nf2 Nc5 63. Kc3 Na4+ 64. Kb4 Nc5 65. Bb1 Bc8 66. f4 Ng4 67. Nd1 Bd7 68. Nf3 Ne4 69. Bxe4 dxe4 70. Nd2 f5 71. Nc4+ Kc7 72. Ndb2 Be6 73. Kc3 Bd7 74. Kb4 Be6 75. Nd1 Nf6 76. Nc3 Ng4 77. Nd1 Nf6 78. Kc3 Bd7 79. Na3 Ne8 80. Kd4 Nd6 81. Nc3 Be6 82. Ke5 Kd7 83. Kf6 Bf7 84. Nc2 Bb3 85. Nd4 Bf7 86. Nc6 Be8 87. Ne7 Nc4 88. Nd1 Kd6 89. Nxg6 Bxg6 90. Kxg6 Ke6 91. Kxh5 Nd6 92. Kg6 Kd5 93. g4 fxg4 94. f5 Ke5 95. f6 g3 96. Nc3 1-0

[Event "Calgary op 8th"]
[Site "Calgary"]
[Date "2015.08.03"]
[Round "8"]
[White "Wu, Chenxi"]
[Black "Nguyen, Kim"]
[Result "1-0"]
[WhiteElo "1791"]
[BlackElo "2113"]
[PlyCount "79"]
[EventDate "2015.07.29"]
[EventType "swiss"]
[EventRounds "9"]
[EventCountry "CAN"]
[SourceTitle "EXT 2017"]
[Source "ChessBase"]
[SourceDate "2016.10.25"]
[SourceVersion "1"]
[SourceVersionDate "2016.10.25"]
[SourceQuality "1"]

1. e4 c5 2. Nf3 d6 3. d4 cxd4 4. Nxd4 Nf6 5. Nc3 a6 6. Rg1 b5 7. g4 Bb7 8. g5 Nxe4 9. Nxe4 Bxe4 10. Qg4 Bb7 11. Bg2 Qc7 12. Bd2 Nd7 13. f4 Rc8 14. Nb3 e6 15. Ba5 Qb8 16. 0-0-0 Be7 17. Kb1 0-0 18. h4 Rc4 19. Bf1 Ra4 20. Bd3 Bd5 21. Bc3 g6 22. h5 Ne5 23. Qh4 Nxd3 24. Rxd3 Be4 25. Rh3 Rc8 26. Rgh1 Rxc3 27. bxc3 Bf8 28. hxg6 Bxg6 29. Qf2 d5 30. Nd4 Bg7 31. f5 Bxd4 32. cxd4 Bxf5 33. Rxh7 Rb4+ 34. Ka1 Bxh7 35. Qh4 Kf8 36. Qxh7 Qf4 37. c3 Rc4 38. g6 Qf3 39. g7+ Ke7 40. Qh3 1-0

[Event "Calgary op 8th"]
[Site "Calgary"]
[Date "2015.07.29"]
[Round "1"]
[White "Shabalov, Alexander"]
[Black "Nguyen, Kim"]
[Result "1-0"]
[WhiteElo "2538"]
[BlackElo "2113"]
[PlyCount "57"]
[EventDate "2015.07.29"]
[EventType "swiss"]
[EventRounds "9"]
[EventCountry "CAN"]
[SourceTitle "EXT 2017"]
[Source "ChessBase"]
[SourceDate "2016.10.25"]
[SourceVersion "1"]
[SourceVersionDate "2016.10.25"]
[SourceQuality "1"]

1. Nf3 Nf6 2. c4 e6 3. Nc3 Bb4 4. g4 h6 5. Qb3 Nc6 6. a3 Be7 7. d4 d5 8. g5 hxg5 9. Bxg5 Ng4 10. Bxe7 Nxe7 11. e3 c6 12. Be2 Ng6 13. Rg1 f5 14. 0-0-0 Qf6 15. Rg2 dxc4 16. Qxc4 Bd7 17. Qc5 Qe7 18. Qa5 Qd8 19. Qb4 b5 20. Ne5 Nh4 21. Rg3 Nxe5 22. dxe5 g6 23. Rgg1 Qc7 24. Rd6 a5 25. Qb3 0-0-0 26. Kb1 Kb8 27. Rc1 Qb7 28. Qd1 Rh7 29. Qd4 1-0

[Event "Edmonton Newton Memorial-A"]
[Site "Edmonton"]
[Date "2014.10.25"]
[Round "3"]
[White "Miller, David"]
[Black "Nguyen, Kim"]
[Result "0-1"]
[WhiteElo "2232"]
[BlackElo "2118"]
[PlyCount "170"]
[EventDate "2014.10.24"]
[EventType "tourn"]
[EventRounds "5"]
[EventCountry "CAN"]
[SourceTitle "EXT 2022"]
[Source "ChessBase"]
[SourceDate "2021.10.06"]
[SourceVersion "1"]
[SourceVersionDate "2021.10.06"]
[SourceQuality "1"]

1. e4 c6 2. c4 d5 3. cxd5 cxd5 4. exd5 Nf6 5. Nc3 g6 6. Bb5+ Nbd7 7. Nf3 Bg7 8. 0-0 0-0 9. d4 Nb6 10. h3 a6 11. Bd3 Nbxd5 12. a3 Qd6 13. Ne5 b5 14. Bc2 Bb7 15. Bb3 Rad8 16. Qe2 Qb8 17. Bg5 h6 18. Be3 Qa8 19. Rad1 Nxc3 20. bxc3 Nd5 21. Bd2 Rc8 22. Rc1 e6 23. f3 Rc7 24. Rc2 Qe8 25. Ng4 h5 26. Nf2 Qe7 27. Ra1 Rfc8 28. Bxd5 Bxd5 29. Rcc1 f5 30. a4 Bc4 31. Qe1 e5 32. dxe5 Qxe5 33. Qxe5 Bxe5 34. Re1 Bf6 35. axb5 Bxb5 36. Nd1 Kf7 37. Rc1 Bh4 38. Nf2 Rc6 39. f4 Bf6 40. Nd1 Bc4 41. Ne3 Be6 42. Rb1 R8c7 43. Nd1 Be7 44. Be3 a5 45. Bd4 a4 46. Nb2 a3 47. Nd3 Bf6 48. Ne5+ Bxe5 49. Bxe5 Rd7 50. Ra1 a2 51. c4 Rd2 52. Rf1 Rxc4 53. Rf2 Rcc2 54. Rxd2 Rxd2 55. Rc1 Bd5 56. Rc7+ Ke6 57. Ra7 Rxg2+ 58. Kf1 Rc2 59. Ra6+ Kd7 60. Rd6+ Ke7 61. Rxd5 Rc1+ 62. Kg2 a1Q 63. Bxa1 Rxa1 64. Rb5 Rd1 65. Rb6 Rd6 66. Rb3 h4 67. Re3+ Kf6 68. Ra3 Rd2+ 69. Kg1 Rd4 70. Rf3 Ke6 71. Rf2 Kd5 72. Rg2 Ke4 73. Rxg6 Kxf4 74. Ra6 Rd3 75. Ra4+ Kg3 76. Kf1 f4 77. Ke2 Rb3 78. Ra1 Rb2+ 79. Kf1 Rh2 80. Kg1 Re2 81. Ra3+ f3 82. Kf1 Rb2 83. Ra1 Kxh3 84. Re1 Kg3 85. Rc1 Rh2 0-1

[Event "Richmond Keres Memorial 39th"]
[Site "Richmond"]
[Date "2014.05.17"]
[Round "2.4"]
[White "Nguyen, Kim"]
[Black "Lee, Vicente"]
[Result "0-1"]
[WhiteElo "2097"]
[BlackElo "2255"]
[PlyCount "38"]
[EventDate "2014.05.17"]
[EventType "swiss"]
[EventRounds "6"]
[EventCountry "CAN"]
[SourceTitle "EXT 2022"]
[Source "ChessBase"]
[SourceDate "2021.10.06"]
[SourceVersion "1"]
[SourceVersionDate "2021.10.06"]
[SourceQuality "1"]

1. e4 c5 2. Nf3 e6 3. b3 Nc6 4. Bb2 a6 5. c4 d5 6. exd5 exd5 7. Qe2+ Nge7 8. d4 cxd4 9. Nxd4 Nxd4 10. Bxd4 dxc4 11. Qxc4 Be6 12. Qd3 Nd5 13. a3 Rc8 14. Qd2 Be7 15. Qb2 Bg5 16. Nc3 Nxc3 17. Bxc3 Rxc3 18. Qxc3 Bf6 19. Qc1 Qa5+ 0-1